Benfica Scorers in 2010s Champions League - Statistics

General Stats
  • This quiz has been taken 241 times
  • The average score is 13 of 29
Answer Stats
Player Nation Gls % Correct
Óscar Cardozo Paraguay 8
85%
Ola John Netherlands 1
80%
Jonas Brazil 3
76%
Raúl Jiménez Mexico 4
76%
Haris Seferović Switzerland 2
74%
Kostas Mitroglou Greece 3
73%
Nicolás Gaitán Argentina 5
70%
Luisão Brazil 4
69%
Eduardo Salvio Argentina 4
66%
Lima Brazil 2
55%
Pablo Aimar Argentina 1
55%
Nemanja Matić Serbia 1
53%
Maxi Pereira Uruguay 2
52%
Álex Grimaldo Spain 2
51%
Rodrigo Spain 2
46%
Ljubomir Fejsa Serbia 1
43%
Franco Cervi Argentina 2
41%
Ezequiel Garay Argentina 1
35%
Gonçalo Guedes Portugal 3
32%
Javi García Spain 2
28%
Talisca Brazil 3
26%
Fábio Coentrão Portugal 2
23%
Nélson Semedo Portugal 1
21%
Alfa Semedo Portugal 1
18%
Nélson Oliveira Portugal 1
15%
Bruno César Brazil 2
14%
Gedson Fernandes Portugal 1
12%
Alan Kardec Brazil 1
9%
Filip Đuričić Serbia 1
5%
No matching quizzes found
Score Distribution
Percent of People with Each Score
Percentile by Number Answered
Your Score History
You have not taken this quiz